000 00679nam a2200217Ii 4500
003 JO-AjNU
008 230605s9999||||xx |||||||||||||| ||und||
017 _a2005/116218
020 _a977-322-168-7
040 _aJO-AjNU
_bara
_erda
_cJO-AjNU
041 _aara
050 1 4 _aR143.H39 2005
100 3 _aالهواري ، احمد ابراهيم,
_eauthor
_98420
245 0 0 _aمن تاريخ الطب الاسلامي
264 3 1 _aدمشق : د.ن ، 2005
300 _a258ص
336 _atext
_btxt
_2rdacontent
337 _aunmediated
_bn
_2rdamedia
338 _avolume
_bnc
_2rdacarrier
650 4 _aالطب في الادب العربي-الطب -ممارسة
_98421
999 _aA778
_c4346
_d4346